000 00727nam a22001817a 4500
003 UA-OsUOA
001 17091
007 ta
008 20040210b un ||||| |||| 00| 0 ukr d
100 _aЯрошевич В.
942 _cSA
040 _aUA-OsUOA
_cUA-OsUOA
_dUA-OsUOA
245 _a"Форматна" білоруська трагедія: [Про прем'єру "народної трагедії" білорус. авт. М. Манохіна "Суперники" на сцені Рівнен. обл. муздрамтеатру]
300 _aС.7
955 _a0
773 0 _w0
_tНова Волинь
_dРівне
_d2004
_g№4/29 січ./
650 7 _aКраєзнавча робота
_2UDC
999 _c303259
_d303259